Vista normal Vista MARC

Entrada Corporate Name

Número de registros utilizados en: 2

001 - CONTROL NUMBER

  • control field: 3458

003 - CONTROL NUMBER IDENTIFIER

  • control field: OSt

005 - DATE AND TIME OF LATEST TRANSACTION

  • control field: 20200423164959.0

008 - FIXED-LENGTH DATA ELEMENTS

  • fixed length control field: 200423|| aca||aabn | a|a d

040 ## - CATALOGING SOURCE

  • Original cataloging agency: OSt
  • Transcribing agency: OSt

110 ## - HEADING--CORPORATE NAME

  • Corporate name or jurisdiction name as entry element: Mesa de conversaciones,

670 ## - SOURCE DATA FOUND

  • Source citation: Work cat.: (OSt)3970: Mesa de conversaciones, autor, Acuerdo final para la terminación del conflicto [y] la contrucción de una paz estable y duradera /, 2017